| 000 | 01295nam a2200337 a 4500 | ||
|---|---|---|---|
| 001 | 000111184 | ||
| 003 | CHAP | ||
| 005 | 20220329144201.0 | ||
| 008 | 150115s2014 mx sm |||||||spa d | ||
| 010 | _a107646 | ||
| 011 | _a108618 | ||
| 040 | _cCHAP | ||
| 090 | _aTesis | ||
| 100 | 1 |
_aMorales Ortega, Gilberto _9129006 |
|
| 245 | 1 | 0 |
_aDeterminación de la huella hídrica en trigo (Triticum vulgare) irrigado por gravedad en el DR-014 Mexicali, Baja California _h[En línea] _cpor Gilberto Morales Ortega. |
| 260 |
_aBermejillo, Durango. : _bEl autor, _c2014. |
||
| 500 | _aPara ver el contenido del material haga clic en la liga | ||
| 502 | _aTesis (Ing. Agr. Esp. en Sistemas Agrícolas de Zonas Aridas) -- UACH. Unidad Regional Universitaria de Zonas Aridas | ||
| 590 |
_aE11695DGD _b10 _c20150202 _lUCH01 _h1310 |
||
| 590 |
_aE5765TAJ _b05 _c20150115 _lUCH01 _h0932 |
||
| 590 |
_aE5765TAJ _b05 _c20150115 _lUCH01 _h0933 |
||
| 590 |
_aE5765TAJ _b05 _c20150115 _lUCH01 _h0959 |
||
| 650 | 1 | 4 |
_aTrigo _xAgua requerida. _9114956 |
| 650 | 1 | 4 |
_aTrigo _xBaja California. _9114981 |
| 650 | 1 | 4 |
_aTrigo _xIrrigación. _9115050 |
| 650 | 1 | 4 |
_aTrigo _xRendimiento. _9115092 |
| 856 |
_aFinding aid _uhttp://10.13.5.2/tesis/sist111184.pdf _zTeclea aquí |
||
| 901 | _aBK | ||
| 942 | _cTESIS | ||
| 942 | _n0 | ||
| 999 |
_c107646 _d107646 |
||